01456nam a22002057a 450000500170000000800410001702000180005804000070007604100120008308200210009510000250011624500560014126000540019730000260025136500530027752008540033065000120118465000270119670000270122320221125161708.0221125b ||||| |||| 00| 0 eng d a9788184005967 cAL aEnglish 223a820.33bCHAM aNovoneel Chakraborty aMarry Me Stranger: Book one of the stranger Trilogy aHaryanabPenguin Random House India Pvt Ltdc2014 a268 p.bPBc20x12 cm. a6071b₹140.00c₹d₹175.00e20%f23-11-2022 aHE HAS NO VOICE, NO FACE, NO NAME, NO IDENTITY . BUT HE HAS AN INTENTION. I m Rivanah Bannerjee, a young and independent girl living alone in Mumbai. My parents love me, my boyfriend adores me and I have a great job. But here s the thing: my life is in danger. Someone s been following me around, watching my every move, trying to get control over my life. At first I thought it was a silly prank to gain my attention. My roomie suggested he must be a secret admirer. Is he? What he doesn t know is the police have set a trap to nab him. Soon I ll know if it s simply a lover s obsession or if there is more to it. BTW, I call him Stranger. From the bestselling author of EX, How About a Sin Tonight?, That Kiss in the Rain and A Thing beyond Forever comes a racy tale gravid with emotional twists, relationship quirks, and mind numbing revelations. aFiction aIndian English Fiction aCHAKRABORTY (Novoneel)